000 00967nam0a22002651 4500
001 rc\4329087
005 20260406225028.0
021 _aRU
_bРг4354-62
035 _a(NLR Aleph) 008269520
090 _a8447437
_c8447437
100 _a20130416d1962 |||y0rusy50 ca
101 0 _arus
102 _aRU
105 _ay b |||||
200 1 _aН.Н. Григорьев
_e[Живопись. Акварель]
_e[Каталог]
_f[Моск. отд-ние Союза художников РСФСР]
210 _aМосква
_cБ. и.
_d1962
215 _a1 л., слож. в [8] с.
_d15
702 1 _aГригорьев
_bН.Н.
_gНиколай Николаевич
_4040
710 1 0 _aГригорьев,
_eМосква
_f1962
_gНиколай Николаевич
_hВыставка работ
_9457941
_3RU\NLR\AUTH\889980858
801 0 _aRU
_bNLR
_gpsbo
801 1 _aRU
_bELAR
_2rusmarc
852 _aNLR
_bЭ
_jКП/Г834
942 _cBOOK
980 _aNB